[Event "RA-2019-0-00625"]
[Site "LSS email"]
[Date "2019.05.25"]
[Round "?"]
[White "Urbaniak, Marcin"]
[Black "Susla, Vitaliy"]
[Result "1/2-1/2"]
[WhiteElo "2055"]
[BlackElo "2311"]
[PlyCount "66"]
[EventDate "2019.04.07"]
[EventType "tourn (corr)"]
[EventRounds "6"]
[EventCountry "GER"]
[SourceTitle "Corr 2022"]
[Source "ChessBase"]
[SourceDate "2021.10.24"]
[SourceVersion "1"]
[SourceVersionDate "2021.10.24"]
[SourceQuality "1"]

1. e4 c5 2. Nf3 d6 3. d4 cxd4 4. Nxd4 Nf6 5. Nc3 a6 6. Be3 e5 7. Nb3 Be6 8. f3 h5 9. Nd5 Bxd5 10. exd5 Nbd7 11. Be2 g6 12. Qd2 Bg7 13. 0-0 b6 14. c4 0-0 15. Rac1 Re8 16. Bg5 Rc8 17. Bd3 Qc7 18. Rfe1 a5 19. Qf2 e4 20. Bxe4 Nxe4 21. fxe4 Ne5 22. Qf1 Nxc4 23. Bf6 Bxf6 24. Qxf6 Qd8 25. Qxd8 Rexd8 26. Nd4 Ne5 27. Nc6 Nxc6 28. dxc6 d5 29. exd5 Rxd5 30. Re7 Rc5 31. Rf1 R5xc6 32. Rfxf7 Rc1+ 33. Kf2 Rf8 1/2-1/2

[Event "RA-2019-0-00625"]
[Site "LSS email"]
[Date "2019.05.24"]
[Round "?"]
[White "Urbaniak, Marcin"]
[Black "Jarabinsky, Martin"]
[Result "1/2-1/2"]
[WhiteElo "2055"]
[BlackElo "2329"]
[PlyCount "76"]
[EventDate "2019.04.07"]
[EventType "tourn (corr)"]
[EventRounds "6"]
[EventCountry "GER"]
[SourceTitle "Corr 2022"]
[Source "ChessBase"]
[SourceDate "2021.10.24"]
[SourceVersion "1"]
[SourceVersionDate "2021.10.24"]
[SourceQuality "1"]

1. e4 c6 2. d4 d5 3. e5 Bf5 4. g4 Be4 5. f3 Bg6 6. h4 h5 7. Nh3 e6 8. Nf4 Ne7 9. c3 Nd7 10. Be3 c5 11. Nd2 Rc8 12. Kf2 hxg4 13. fxg4 cxd4 14. cxd4 Bc2 15. Qe2 Bh7 16. Qe1 Nc6 17. Rc1 Qb6 18. g5 Qxb2 19. g6 Bxg6 20. Nxg6 fxg6 21. Bh3 Ba3 22. Rb1 Qxa2 23. Bxe6 Bb4 24. Qe2 Bxd2 25. Bxd7+ Kxd7 26. Rxb7+ Ke8 27. Kg3 Qa3 28. Qxd2 Ne7 29. Kg2 Nf5 30. Bf2 Kf8 31. Qb4+ Qxb4 32. Rxb4 Kg8 33. Rb5 Kh7 34. Rxd5 Rc2 35. Rc5 Rd2 36. e6 Rf8 37. Re5 Nxd4 38. Rf1 Nc6 1/2-1/2

[Event "RA-2019-0-00624"]
[Site "LSS email"]
[Date "2019.05.13"]
[Round "?"]
[White "Urbaniak, Marcin"]
[Black "Sorcinelli, Andrea"]
[Result "1/2-1/2"]
[WhiteElo "2051"]
[BlackElo "2024"]
[PlyCount "66"]
[EventDate "2019.03.31"]
[EventType "tourn (corr)"]
[EventRounds "6"]
[EventCountry "GER"]
[SourceTitle "Corr 2022"]
[Source "ChessBase"]
[SourceDate "2021.10.24"]
[SourceVersion "1"]
[SourceVersionDate "2021.10.24"]
[SourceQuality "1"]

1. e4 c5 2. Nf3 d6 3. d4 cxd4 4. Nxd4 Nf6 5. Nc3 a6 6. Be3 e5 7. Nb3 Be7 8. f3 Be6 9. Qd2 0-0 10. 0-0-0 Nbd7 11. g4 Qc7 12. g5 Nh5 13. f4 Nxf4 14. Bxf4 exf4 15. Qxf4 Rac8 16. h4 b5 17. a3 Ne5 18. Kb1 Bg4 19. Bh3 Bxd1 20. Rxd1 f6 21. Bxc8 Qxc8 22. Nd5 Qe8 23. Qg3 fxg5 24. hxg5 Nf3 25. Nd4 Nxg5 26. Nc6 Bf6 27. Nxf6+ gxf6 28. Qxd6 Qxe4 29. Ne7+ Kf7 30. Nd5 Qe6 31. Qc7+ Kg8 32. Nb4 Rf7 33. Qh2 Kg7 1/2-1/2

[Event "RA-2019-0-00625"]
[Site "LSS email"]
[Date "2019.05.13"]
[Round "?"]
[White "Urbaniak, Marcin"]
[Black "Sorcinelli, Andrea"]
[Result "1/2-1/2"]
[WhiteElo "2055"]
[BlackElo "2039"]
[PlyCount "36"]
[EventDate "2019.04.07"]
[EventType "tourn (corr)"]
[EventRounds "6"]
[EventCountry "GER"]
[SourceTitle "Corr 2022"]
[Source "ChessBase"]
[SourceDate "2021.10.24"]
[SourceVersion "1"]
[SourceVersionDate "2021.10.24"]
[SourceQuality "1"]

1. e4 c5 2. Nf3 d6 3. d4 cxd4 4. Nxd4 Nf6 5. Nc3 a6 6. Be3 e5 7. Nb3 Be6 8. f4 exf4 9. Bxf4 Nc6 10. Qd2 d5 11. 0-0-0 Bb4 12. Qd3 Bxc3 13. Qxc3 0-0 14. exd5 Nxd5 15. Qg3 Ncb4 16. Bd6 Qc8 17. Bd3 Re8 18. Rhe1 Nxa2+ 1/2-1/2

[Event "RA-2019-0-00623"]
[Site "LSS email"]
[Date "2019.05.09"]
[Round "?"]
[White "Urbaniak, Marcin"]
[Black "Willmann, Bernd"]
[Result "0-1"]
[WhiteElo "2036"]
[BlackElo "2257"]
[PlyCount "82"]
[EventDate "2019.03.15"]
[EventType "tourn (corr)"]
[EventRounds "6"]
[EventCountry "GER"]
[SourceTitle "Corr 2022"]
[Source "ChessBase"]
[SourceDate "2021.10.24"]
[SourceVersion "1"]
[SourceVersionDate "2021.10.24"]
[SourceQuality "1"]

1. e4 c5 2. Nf3 d6 3. d4 cxd4 4. Nxd4 Nf6 5. Nc3 a6 6. Be3 e5 7. Nb3 Be7 8. f4 0-0 9. Be2 Nbd7 10. g4 exf4 11. Bxf4 Ne5 12. g5 Nfg4 13. h4 f6 14. Bxe5 Nxe5 15. Qd5+ Kh8 16. 0-0-0 fxg5 17. hxg5 Bxg5+ 18. Kb1 h6 19. Qxd6 Qxd6 20. Rxd6 Bd7 21. Na5 Rab8 22. Nc4 Nxc4 23. Rxd7 Ne5 24. Rd5 Rbe8 25. a4 g6 26. b4 Kg7 27. a5 h5 28. b5 axb5 29. Nxb5 Nf7 30. Bd3 Re7 31. Nd6 Nxd6 32. Rxg5 Nf7 33. Rb5 Ne5 34. Kb2 Rc8 35. Be2 Nc6 36. c3 Rcc7 37. Rg1 Kh6 38. Rb6 Re5 39. Bb5 Ne7 40. Kc2 Rg5 41. Bd3 Rxg1 0-1

[Event "CP-2018-P-00029"]
[Site "LSS email"]
[Date "2018.09.27"]
[Round "?"]
[White "Langer, Raimund"]
[Black "Urbaniak, Marcin"]
[Result "1/2-1/2"]
[WhiteElo "2495"]
[BlackElo "2012"]
[PlyCount "95"]
[EventDate "2018.10.01"]
[EventType "tourn (corr)"]
[EventRounds "6"]
[EventCountry "GER"]
[SourceTitle "Corr 2022"]
[Source "ChessBase"]
[SourceDate "2021.10.24"]
[SourceVersion "1"]
[SourceVersionDate "2021.10.24"]
[SourceQuality "1"]

1. Nf3 Nf6 2. c4 g6 3. Nc3 Bg7 4. e4 c5 5. d4 cxd4 6. Nxd4 Nc6 7. Be3 0-0 8. Be2 Nxd4 9. Bxd4 d6 10. 0-0 Bd7 11. Qd2 Bc6 12. f3 a5 13. b3 Nd7 14. Be3 Nc5 15. Rab1 Be5 16. Rfd1 e6 17. Bd4 Qe7 18. Qe3 Rfd8 19. Bf1 Kg7 20. a3 Bxd4 21. Rxd4 e5 22. Rd2 Qc7 23. g3 Ne6 24. Rbd1 Nc5 25. Rb2 Ne6 26. Bh3 Nd4 27. a4 h6 28. Ne2 Nxe2+ 29. Rxe2 Rf8 30. Red2 Rad8 31. Kf2 b6 32. Kg1 Bb7 33. Kf2 Bc6 34. Kg1 Bb7 35. Kf1 Bc6 36. Rd3 f5 37. exf5 gxf5 38. f4 Be4 39. R3d2 exf4 40. Qxf4 Rf6 41. Bg2 Qc6 42. Rf2 Bxg2+ 43. Rxg2 Re8 44. Rd5 Re4 45. Qf3 Qe8 46. Re2 Qg6 47. Rd3 h5 48. Rde3 1/2-1/2

[Event "RB-2018-0-00356"]
[Site "LSS email"]
[Date "2018.02.28"]
[Round "?"]
[White "Urbaniak, Marcin"]
[Black "Figura, Atila Gajo"]
[Result "1-0"]
[WhiteElo "1912"]
[BlackElo "1929"]
[PlyCount "33"]
[EventDate "2017.11.27"]
[EventType "tourn (corr)"]
[EventRounds "6"]
[EventCountry "GER"]
[SourceTitle "Corr 2022"]
[Source "ChessBase"]
[SourceDate "2021.10.24"]
[SourceVersion "1"]
[SourceVersionDate "2021.10.24"]
[SourceQuality "1"]

1. e4 c5 2. Nf3 e6 3. d4 cxd4 4. Nxd4 a6 5. c4 Nf6 6. Nc3 Bb4 7. Qd3 Qc7 8. a3 Bxc3+ 9. Qxc3 0-0 10. f3 d5 11. exd5 exd5 12. c5 Bd7 13. Be3 Nc6 14. 0-0-0 Rfc8 15. Kb1 Na5 16. Bg5 b6 17. Bxf6 1-0

[Event "RB-2017-0-00350"]
[Site "LSS email"]
[Date "2017.10.29"]
[Round "?"]
[White "Urbaniak, Marcin"]
[Black "Luers, Lavas"]
[Result "0-1"]
[WhiteElo "1877"]
[BlackElo "2035"]
[PlyCount "104"]
[EventDate "2017.09.01"]
[EventType "tourn (corr)"]
[EventRounds "6"]
[EventCountry "GER"]
[SourceTitle "Corr 2022"]
[Source "ChessBase"]
[SourceDate "2021.10.24"]
[SourceVersion "1"]
[SourceVersionDate "2021.10.24"]
[SourceQuality "1"]

1. e4 c5 2. Nf3 d6 3. d4 cxd4 4. Nxd4 Nf6 5. Nc3 a6 6. Bg5 e6 7. f4 Qb6 8. Nb3 Nbd7 9. Qe2 Qc7 10. g4 Be7 11. f5 b5 12. a3 h6 13. Bf4 e5 14. Bd2 Bb7 15. Bg2 0-0 16. h4 a5 17. g5 b4 18. Nd1 Ba6 19. Qf3 a4 20. gxf6 Nxf6 21. Nc1 bxa3 22. Rxa3 d5 23. Rxa4 dxe4 24. Qb3 Rfd8 25. Ba5 Qd7 26. Bxd8 Rxd8 27. Nd3 exd3 28. Rxa6 Bb4+ 29. Nc3 Qd4 30. Ra8 Bxc3+ 31. Qxc3 Qe3+ 32. Kd1 Qe2+ 33. Kc1 d2+ 34. Kb1 d1Q+ 35. Rxd1 Qxd1+ 36. Ka2 Rxa8+ 37. Bxa8 e4 38. b4 Qf1 39. Kb2 Qxf5 40. Bc6 Qf2 41. Qc5 e3 42. Bb5 Qxh4 43. Bd3 Nd7 44. Qd6 Qf6+ 45. Qxf6 Nxf6 46. c4 Kf8 47. Kc3 Nh5 48. b5 Ke7 49. b6 Kd7 50. c5 Nf4 51. Be4 Kc8 52. c6 g6 0-1

[Event "RB-2017-0-00348"]
[Site "LSS email"]
[Date "2017.09.29"]
[Round "?"]
[White "Pilgram, Kurt"]
[Black "Urbaniak, Marcin"]
[Result "1-0"]
[WhiteElo "2027"]
[BlackElo "1873"]
[PlyCount "159"]
[EventDate "2017.07.28"]
[EventType "tourn (corr)"]
[EventRounds "6"]
[EventCountry "GER"]
[SourceTitle "Corr 2022"]
[Source "ChessBase"]
[SourceDate "2021.10.24"]
[SourceVersion "1"]
[SourceVersionDate "2021.10.24"]
[SourceQuality "1"]

1. c4 e5 2. Nc3 Nf6 3. Nf3 Nc6 4. e3 Bb4 5. Qc2 Bxc3 6. bxc3 d6 7. e4 0-0 8. Be2 Ne7 9. d4 Ng6 10. 0-0 Re8 11. h3 exd4 12. cxd4 Nxe4 13. Bd3 Nf6 14. Bg5 h6 15. Bd2 Ne7 16. Rfe1 d5 17. Rab1 Rb8 18. Bf4 dxc4 19. Qxc4 Nfd5 20. Bg3 Be6 21. Qc2 Nc6 22. a3 Nf6 23. Qc3 Bd5 24. Ne5 Nh5 25. Nxc6 Rxe1+ 26. Rxe1 Bxc6 27. Be5 Nf6 28. Bc4 Nd5 29. Qf3 Qd7 30. Qg3 g6 31. Re4 Kh7 32. Rh4 Qe7 33. Bxd5 Bxd5 34. Qf4 Qf8 35. Bxc7 Re8 36. Bd6 Qg7 37. Be5 Qf8 38. Qf6 h5 39. Rf4 Rc8 40. Bd6 Qe8 41. Qg5 Qc6 42. Be5 Qe8 43. Rf6 Rc6 44. Rxc6 Qxc6 45. f3 b5 46. Bf4 Kg7 47. Kh2 a5 48. Qe7 Qa8 49. Be5+ Kh6 50. Qf6 Qf8 51. Qb6 Bc4 52. Qc6 a4 53. d5 Qd8 54. Bf6 Qxd5 55. Qe8 g5 56. Qh8+ Kg6 57. Be7 Qc6 58. Qg8+ Kf5 59. Qxg5+ Ke6 60. Kh1 Qd5 61. Qf6+ Kd7 62. Bb4 Qe6 63. Qd4+ Qd5 64. Qe3 Qd1+ 65. Kh2 Qd5 66. Kg3 Kc6 67. h4 Bd3 68. Qe7 Bf1 69. Qe3 Kb7 70. Qe1 Bc4 71. Kf4 Bd3 72. Qe5 Qxe5+ 73. Kxe5 f5 74. Kf4 Bf1 75. g4 fxg4 76. fxg4 hxg4 77. h5 Be2 78. h6 Bd3 79. Kxg4 Bh7 80. Kg5 1-0

[Event "RB-2017-0-00348"]
[Site "LSS email"]
[Date "2017.09.29"]
[Round "?"]
[White "Urbaniak, Marcin"]
[Black "Crapulli, Giuseppe"]
[Result "1/2-1/2"]
[WhiteElo "1873"]
[BlackElo "1903"]
[PlyCount "86"]
[EventDate "2017.07.28"]
[EventType "tourn (corr)"]
[EventRounds "6"]
[EventCountry "GER"]
[SourceTitle "Corr 2022"]
[Source "ChessBase"]
[SourceDate "2021.10.24"]
[SourceVersion "1"]
[SourceVersionDate "2021.10.24"]
[SourceQuality "1"]

1. e4 c5 2. Nf3 d6 3. d4 cxd4 4. Nxd4 Nf6 5. Nc3 a6 6. Bg5 e6 7. f4 Qb6 8. Nb3 Nbd7 9. Qe2 Qc7 10. g4 Be7 11. f5 Ne5 12. 0-0-0 b5 13. a3 Nd5 14. exd5 Bxg5+ 15. Kb1 exf5 16. h4 Be7 17. gxf5 Bxf5 18. Nd4 Bg4 19. Qg2 Bxd1 20. Qxg7 Bxc2+ 21. Nxc2 0-0-0 22. Be2 Qb6 23. Qh6 Kb8 24. Nb4 Rc8 25. Rf1 Rhg8 26. Qxh7 Rh8 27. Qf5 Bxh4 28. Nc6+ Nxc6 29. dxc6 Qxc6 30. Bf3 Qc4 31. Bd5 Qd4 32. Bg2 Rhg8 33. Qf3 Qa7 34. Na2 a5 35. Nc3 b4 36. axb4 axb4 37. Na2 Rxg2 38. Qxg2 b3 39. Nc3 Bd8 40. Qe2 Rc5 41. Qe8 Qa5 42. Qe2 f5 43. Rf4 Qb6 1/2-1/2

[Event "RB-2017-0-00348"]
[Site "LSS email"]
[Date "2017.09.29"]
[Round "?"]
[White "Urbaniak, Marcin"]
[Black "Langheld, Werner"]
[Result "1/2-1/2"]
[WhiteElo "1873"]
[BlackElo "1971"]
[PlyCount "88"]
[EventDate "2017.07.28"]
[EventType "tourn (corr)"]
[EventRounds "6"]
[EventCountry "GER"]
[SourceTitle "Corr 2022"]
[Source "ChessBase"]
[SourceDate "2021.10.24"]
[SourceVersion "1"]
[SourceVersionDate "2021.10.24"]
[SourceQuality "1"]

1. e4 e5 2. Nf3 Nc6 3. Bc4 Nf6 4. Ng5 d5 5. exd5 Na5 6. Bb5+ c6 7. dxc6 bxc6 8. Qf3 Be7 9. Bd3 0-0 10. 0-0 g6 11. Ne4 Nxe4 12. Bxe4 Ba6 13. Bd3 Bxd3 14. cxd3 Qd5 15. Qxd5 cxd5 16. b3 Nc6 17. Nc3 Rfd8 18. Bb2 d4 19. Ne2 Rac8 20. f4 Nb4 21. Ba3 exf4 22. Nxf4 Rc2 23. Rfc1 Rdc8 24. Re1 Bf8 25. Bxb4 Bxb4 26. Nd5 Bf8 27. Nf6+ Kg7 28. Ne8+ Kh8 29. Re2 Bb4 30. g4 Bxd2 31. Nd6 Bf4 32. Nxc8 Rxe2 33. Nxa7 Rd2 34. Nc6 Kg7 35. b4 Be3+ 36. Kh1 Rxd3 37. Kg2 Ra3 38. b5 d3 39. Rd1 Rxa2+ 40. Kf3 Bb6 41. Rxd3 Rxh2 42. Ne5 Bc7 43. Nc4 Rh3+ 44. Ke4 Rxd3 1/2-1/2

[Event "RB-2017-0-00348"]
[Site "LSS email"]
[Date "2017.09.29"]
[Round "?"]
[White "Zhdanenia, Konstantin A"]
[Black "Urbaniak, Marcin"]
[Result "1-0"]
[WhiteElo "1958"]
[BlackElo "1873"]
[PlyCount "89"]
[EventDate "2017.07.28"]
[EventType "tourn (corr)"]
[EventRounds "6"]
[EventCountry "GER"]
[SourceTitle "Corr 2022"]
[Source "ChessBase"]
[SourceDate "2021.10.24"]
[SourceVersion "1"]
[SourceVersionDate "2021.10.24"]
[SourceQuality "1"]

1. d4 Nf6 2. Bg5 c5 3. d5 Qb6 4. Bxf6 Qxf6 5. c3 e6 6. e4 exd5 7. exd5 d6 8. Nf3 Nd7 9. Nbd2 g6 10. Be2 Bg7 11. 0-0 0-0 12. a4 Re8 13. a5 Qd8 14. Bb5 a6 15. Ba4 Re7 16. Nc4 b5 17. axb6 Nxb6 18. Na5 Qc7 19. Bc6 Rb8 20. Re1 Rxe1+ 21. Qxe1 Nd7 22. Qd2 Nf6 23. h3 h6 24. Nh2 Ne4 25. Qc1 Qe7 26. Nf3 Nf6 27. Nd2 Bf8 28. Ndc4 h5 29. Qd2 Qe4 30. Qg5 Kg7 31. f3 Qd3 32. Re1 Bf5 33. Qe3 h4 34. Qf2 Nxd5 35. Ba4 Nxc3 36. bxc3 Qxc3 37. Qe3 Qxe3+ 38. Nxe3 Be6 39. Bc6 Be7 40. Nd5 Bf6 41. Nxf6 Kxf6 42. Bb7 d5 43. Kf2 d4 44. Rc1 c4 45. Ke2 1-0

[Event "SB-2017-0-00512"]
[Site "LSS email"]
[Date "2017.09.25"]
[Round "?"]
[White "Urbaniak, Marcin"]
[Black "Avellan, Gerardo"]
[Result "1/2-1/2"]
[WhiteElo "1877"]
[BlackElo "1922"]
[PlyCount "28"]
[EventDate "2017.08.14"]
[EventType "tourn (corr)"]
[EventRounds "6"]
[EventCountry "GER"]
[SourceTitle "Corr 2022"]
[Source "ChessBase"]
[SourceDate "2021.10.24"]
[SourceVersion "1"]
[SourceVersionDate "2021.10.24"]
[SourceQuality "1"]

1. e4 e5 2. Nf3 Nc6 3. Bc4 Bc5 4. 0-0 Nf6 5. d3 d6 6. c3 a5 7. Re1 0-0 8. Nbd2 h6 9. h3 a4 10. Bb5 Bd7 11. Nf1 Ne7 12. Bxd7 Qxd7 13. Ng3 Bb6 14. d4 Qb5 1/2-1/2

[Event "ZI-2016-0-02218"]
[Site "LSS email"]
[Date "2016.10.14"]
[Round "?"]
[White "Hoge, Kai Uwe"]
[Black "Urbaniak, Marcin"]
[Result "1-0"]
[WhiteElo "1998"]
[BlackElo "1899"]
[PlyCount "103"]
[EventDate "2016.10.02"]
[EventType "match (corr)"]
[EventRounds "2"]
[EventCountry "GER"]
[SourceTitle "Corr 2022"]
[Source "ChessBase"]
[SourceDate "2021.10.24"]
[SourceVersion "1"]
[SourceVersionDate "2021.10.24"]
[SourceQuality "1"]

1. Nf3 f5 2. d3 Nf6 3. e4 d6 4. Nc3 e5 5. exf5 Bxf5 6. d4 Qe7 7. Be2 Nbd7 8. 0-0 0-0-0 9. d5 h6 10. Be3 a6 11. a4 g5 12. b4 Qf7 13. a5 Nb8 14. b5 Bg7 15. Rb1 Ne4 16. Qd3 Nc5 17. Qc4 Bxc2 18. Nd2 Bxb1 19. Rxb1 h5 20. Nde4 Bf8 21. bxa6 Nbxa6 22. Nxc5 dxc5 23. Rxb7 Kxb7 24. Qxa6+ Kb8 25. Qb5+ Ka7 26. Bxc5+ Bxc5 27. Qxc5+ Kb8 28. Ba6 c6 29. dxc6 Qa7 30. Qb5+ Kc7 31. Qxe5+ Kxc6 32. Qe6+ Kc5 33. Qc4+ Kd6 34. Nb5+ Ke7 35. Qb4+ Kf7 36. Nxa7 Rhe8 37. Qb3+ Kg7 38. Qc3+ Kg8 39. Bc4+ Kh7 40. Bd3+ Kg8 41. f3 h4 42. Qc4+ Kg7 43. Qc7+ Kf8 44. Qc5+ Kf7 45. Qf5+ Ke7 46. Nc6+ Kd6 47. Nxd8 Rxd8 48. Qf6+ Kc7 49. Qe7+ Rd7 50. Qe5+ Rd6 51. Bb5 h3 52. Qe7+ 1-0

[Event "ZI-2016-0-02218"]
[Site "LSS email"]
[Date "2016.10.14"]
[Round "?"]
[White "Urbaniak, Marcin"]
[Black "Hoge, Kai Uwe"]
[Result "0-1"]
[WhiteElo "1899"]
[BlackElo "1998"]
[PlyCount "102"]
[EventDate "2016.10.02"]
[EventType "match (corr)"]
[EventRounds "2"]
[EventCountry "GER"]
[SourceTitle "Corr 2022"]
[Source "ChessBase"]
[SourceDate "2021.10.24"]
[SourceVersion "1"]
[SourceVersionDate "2021.10.24"]
[SourceQuality "1"]

1. b4 e5 2. Bb2 Bxb4 3. Bxe5 Nf6 4. Nc3 c6 5. a3 Be7 6. e4 0-0 7. Nf3 Re8 8. Be2 d5 9. exd5 cxd5 10. 0-0 Nc6 11. Bb5 Bg4 12. Bxc6 bxc6 13. h3 Bh5 14. Re1 Bf8 15. g4 Nxg4 16. hxg4 Bxg4 17. Kg2 d4 18. Re4 Bxf3+ 19. Qxf3 Qg5+ 20. Qg3 Qxg3+ 21. fxg3 dxc3 22. d3 f5 23. Ree1 a5 24. Bxc3 Rxe1 25. Bxe1 a4 26. Kf3 Rb8 27. Kf4 g6 28. Bb4 Bxb4 29. axb4 Rxb4+ 30. Ke5 Kf7 31. Kd6 g5 32. Kxc6 Rg4 33. Kd5 Rxg3 34. Rxa4 Re3 35. Kd4 Re6 36. c4 f4 37. c5 f3 38. Ra7+ Kg6 39. Ra1 g4 40. Kd5 Rf6 41. c6 f2 42. c7 Rf8 43. Rf1 g3 44. Kd6 Rh8 45. Kc6 g2 46. Rxf2 g1Q 47. Re2 Qd4 48. Re6+ Kf7 49. Rd6 Qa4+ 50. Kb7 Ke7 51. c8Q Rxc8 0-1

[Event "SB-2016-0-00467"]
[Site "LSS email"]
[Date "2016.09.28"]
[Round "?"]
[White "Urbaniak, Marcin"]
[Black "Laine, Jari"]
[Result "1-0"]
[WhiteElo "1899"]
[BlackElo "1991"]
[PlyCount "105"]
[EventDate "2016.09.05"]
[EventType "tourn (corr)"]
[EventRounds "6"]
[EventCountry "GER"]
[SourceTitle "Corr 2022"]
[Source "ChessBase"]
[SourceDate "2021.10.24"]
[SourceVersion "1"]
[SourceVersionDate "2021.10.24"]
[SourceQuality "1"]

1. e4 d6 2. d4 Nf6 3. Nc3 Nbd7 4. f4 e5 5. Nf3 exd4 6. Qxd4 c6 7. Be3 d5 8. e5 Ng4 9. Bg1 Bc5 10. Qd2 Bxg1 11. Rxg1 Qb6 12. Na4 Qe3+ 13. Qxe3 Nxe3 14. Bd3 0-0 15. Kf2 Nc4 16. Bxc4 dxc4 17. Rad1 Nb6 18. Nc3 Be6 19. Rd6 Nd5 20. Nxd5 Bxd5 21. Rd7 b5 22. Nd4 Rfd8 23. Rc7 g6 24. Rd1 b4 25. g4 Rac8 26. Nb5 Kf8 27. Ke3 c3 28. b3 a5 29. Rxc8 Rxc8 30. Nd6 Ra8 31. Kd4 Ke7 32. Kc5 Bf3 33. Rg1 Ke6 34. h3 Rb8 35. Re1 Bd5 36. f5+ Ke7 37. f6+ Ke6 38. g5 Rh8 39. Kb6 Kd7 40. h4 Rb8+ 41. Kc5 Ke6 42. Kd4 Kd7 43. Ra1 Ra8 44. a3 a4 45. Nc4 Bxc4 46. Kxc4 axb3 47. Kxb3 c5 48. a4 Ke6 49. a5 Kxe5 50. Kc4 Kd6 51. a6 Kc6 52. Ra5 Kb6 53. Rb5+ 1-0

[Event "CP-2016-P-00005"]
[Site "LSS email"]
[Date "2016.09.27"]
[Round "?"]
[White "Urbaniak, Marcin"]
[Black "Khanas, Valeriy"]
[Result "0-1"]
[WhiteElo "1899"]
[BlackElo "2304"]
[PlyCount "122"]
[EventDate "2016.10.01"]
[EventType "tourn (corr)"]
[EventRounds "6"]
[EventCountry "GER"]
[SourceTitle "Corr 2022"]
[Source "ChessBase"]
[SourceDate "2021.10.24"]
[SourceVersion "1"]
[SourceVersionDate "2021.10.24"]
[SourceQuality "1"]

1. e4 c5 2. Nf3 d6 3. d4 cxd4 4. Nxd4 Nf6 5. Nc3 a6 6. Be2 e5 7. Nb3 Be7 8. 0-0 0-0 9. Be3 Be6 10. Qd3 Nbd7 11. Nd5 Bxd5 12. exd5 Ne8 13. Qd2 f5 14. f4 g6 15. Qb4 Bf6 16. Qxb7 exf4 17. Bxf4 Bxb2 18. Rab1 Bc3 19. Rfd1 a5 20. Qc6 Be5 21. Bh6 Rc8 22. Qa4 Nb6 23. Qb5 Qh4 24. Bxf8 Bxh2+ 25. Kf1 Nc4 26. Bxc4 Qf4+ 27. Ke2 Nc7 28. Bh6 Qe4+ 29. Kf1 Nxb5 30. Bxb5 Qh4 31. Be3 f4 32. Bf2 Bg3 33. Bg1 f3 34. gxf3 Qh3+ 35. Ke2 Qg2+ 36. Ke3 Bf4+ 37. Ke4 Qg5 38. c4 Qf5+ 39. Kd4 Qc2 40. Na1 Qe2 41. Kc3 Be5+ 42. Kb3 Qxf3+ 43. Ka4 Bb2 44. Kxa5 Qa3+ 45. Kb6 Bc3 46. Ba6 Qa5+ 47. Ka7 Qc7+ 48. Bb7 Rf8 49. Rb6 Qb8+ 50. Ka6 Qe8 51. Bc6 Qe2 52. Rdb1 Qxc4+ 53. Kb7 Qxa2 54. R1b5 Qa8+ 55. Kc7 Rf7+ 56. Bd7 Qe8 57. Rxd6 Be5 58. Kc6 Qe7 59. Bc5 Bxd6 60. Bxd6 Qxd7+ 61. Kc5 Qa7+ 0-1

[Event "BI-2015-F-0000"]
[Site "LSS email"]
[Date "2015.02.12"]
[Round "?"]
[White "Susla, Vitaliy"]
[Black "Urbaniak, Marcin"]
[Result "1-0"]
[WhiteElo "2271"]
[BlackElo "2085"]
[PlyCount "113"]
[EventDate "2015.02.11"]
[EventType "tourn (corr)"]
[EventRounds "10"]
[EventCountry "GER"]
[SourceTitle "Corr 2022"]
[Source "ChessBase"]
[SourceDate "2021.10.24"]
[SourceVersion "1"]
[SourceVersionDate "2021.10.24"]
[SourceQuality "1"]

1. e4 e5 2. Nf3 Nc6 3. Bb5 Nf6 4. d3 Bc5 5. c3 0-0 6. 0-0 d6 7. Nbd2 h6 8. h3 Re8 9. d4 exd4 10. cxd4 Bb4 11. d5 a6 12. Ba4 b5 13. Bc2 Nb8 14. Re1 c6 15. a3 Bc5 16. b4 Bb6 17. Bb2 Bb7 18. a4 cxd5 19. Bxf6 Qxf6 20. exd5 Nd7 21. Ne4 Qf4 22. axb5 axb5 23. Rxa8 Rxa8 24. Qd3 f5 25. Ned2 Ba6 26. Kf1 Ne5 27. Rxe5 dxe5 28. d6 Kh8 29. g3 e4 30. Qd5 Bb7 31. Qxb7 Ra1+ 32. Kg2 exf3+ 33. Nxf3 Qxd6 34. Qc8+ Bd8 35. Qxf5 g6 36. Qxb5 Kg7 37. Bb3 h5 38. Qe8 Qf8 39. Qd7+ Be7 40. h4 Qd8 41. Qe6 Qf8 42. b5 Ra8 43. Nd4 Bc5 44. Qe5+ Kh7 45. Bc2 Bxd4 46. Qxd4 Rd8 47. Qe5 Qd6 48. Qxh5+ Kg7 49. Qg4 Re8 50. Qc4 Qf6 51. Be4 Re7 52. f3 Rd7 53. Qc5 Rd6 54. g4 Qf4 55. Kh3 Qf6 56. g5 Qe6+ 57. Kg3 1-0